00394nam a22001337a 4500008004100000040005500041080001700096100002500113245002200138260003800160300001000198650002000208653003200228230328b |||||||| |||| 00| 0 eng d aNational Science LibrarycNational Science Library aD 77.02 bJ5 aWakefield, George L  aCamera movements  aLondon: bFountain Press, c1995  a76p.  aCamera history  aTheoretical considerations